City Planning/ (Record no. 166842)

MARC details
000 -LEADER
fixed length control field 00609nam a22001817a 4500
010 ## - LCCN (DPL NO)
LC control number ENG-126153
020 ## - INTERNATIONAL STANDARD BOOK NUMBER
International Standard Book Number 978-93-86761-34-7
Terms of availability 1695.00
035 ## - SYSTEM CONTROL NUMBER
System control number EN-109685
037 ## - SOURCE OF ACQUISITION
Source of stock number/acquisition DBAD/PUB
082 ## - DEWEY DECIMAL CLASSIFICATION NUMBER
Classification number 711.4
100 ## - MAIN ENTRY--PERSONAL NAME
Personal name Shah,Ramesh
245 ## - TITLE STATEMENT
Title City Planning/
Statement of responsibility, etc byRamesh Shah
260 ## - PUBLICATION, DISTRIBUTION, ETC. (IMPRINT)
Place of publication, distribution, etc New Delhi
Name of publisher, distributor, etc Ane Books Pvt.Ltd.
270 ## - ADDRESS
Address 4821,Parwana Bhawan,1st Floor24 Ansari Road, Darya Ganj
City New Delhi
Postal code 110002
Telephone number +91(011)23276843
Fax number +91(011)23276863
Electronic mail address kapoor@anebooks.com
300 ## - PHYSICAL DESCRIPTION
Extent 280p.
Dimensions 24cm(hb)
500 ## - GENERAL NOTE
General note it includes index and bibliography
942 ## - ADDED ENTRY ELEMENTS (KOHA)
Source of classification or shelving scheme Dewey Decimal Classification
Item type English Books
Classification part 711.4
Call number suffix SHA
Holdings
Withdrawn status Lost status Not for loan Collection code Home library Current library Date acquired Source of acquisition Cost, normal purchase price Full call number Barcode Copy number Cost, replacement price Koha item type
      Non-fiction Andrews Gunj Andrews Gunj 09/08/2019 DBAD/PUB 1695.00 711.4 SHA EN-109685 1 1695.00 English Books

© Delhi Public Library
Hit Counter
free hit counter